000 00313nam a22001337a 4500
008 170512b xxu||||| |||| 00| 0 eng d
020 _a9789280811056
041 _aeng
080 _a94
100 _a16
101 _aSHH
245 _aTRANSFORMATION CITIES CENTRAL EASTERN
_cHAMILTON.I
942 _2udc
_cBK
999 _c13277
_d13277